Подробности
| 000 -МАРКЕР |
| контрольное поле |
01803nam2a2200301 4500 |
| 001 - ИДЕНТИФИКАТОР ЗАПИСИ |
| контрольное поле |
RU\NLR\BIBL_A\011895981 |
| 005 - ИДЕНТИФИКАТОР ВЕРСИИ |
| контрольное поле |
20250410135512.0 |
| 010 ## - МЕЖДУНАРОДНЫЙ СТАНДАРТНЫЙ НОМЕР КНИГИ (ISBN) |
| Номер (ISBN) |
978-5-905836-15-2 |
| Тираж |
500 |
| 021 ## - НОМЕР ГОСУДАРСТВЕННОЙ РЕГИСТРАЦИИ |
| Код страны |
Российская Федерация |
| Номер |
КН-П-18-090678 |
| Номер Листа государственной регистраци |
КН-П-18-6587 |
| 035 ## - ДРУГИЕ СИСТЕМНЫЕ НОМЕРА |
| Идентификатор записи |
(NLR Aleph) 011895981 |
| 100 ## - ДАННЫЕ ОБЩЕЙ ОБРАБОТКИ |
| Данные общей обработки |
20181219d2013 k y0rusy50 ca |
| 101 0# - ЯЗЫК РЕСУРСА |
| Язык текста, звукозаписи и т.д. |
русский |
| 102 ## - СТРАНА ПУБЛИКАЦИИ ИЛИ ПРОИЗВОДСТВА |
| Страна публикации |
Российская Федерация |
| 105 ## - ПОЛЕ КОДИРОВАННЫХ ДАННЫХ: ТЕКСТОВЫЕ МАТЕРИАЛЫ, МОНОГРАФИЧЕСКИЕ |
| Кодированные данные о монографическом текстовом документе |
ab||z|||100zy |
| 200 0# - ЗАГЛАВИЕ И СВЕДЕНИЯ ОБ ОТВЕТСТВЕННОСТИ |
| Основное заглавие |
Вып. 10 |
| Сведения, относящиеся к заглавию |
[материалы международной научно-практической конференции "Старая Ладога в истории и культуре Евразийского мира", 18-19 июня 2012 г. |
| Первые сведения об ответственности |
составитель: Б.Г. Васильев] |
| 210 ## - ПУБЛИКАЦИЯ, РАСПРОСТРАНЕНИЕ И ДР. |
| Дата издания, распространения и т.д. |
2013 |
| 215 ## - ФИЗИЧЕСКАЯ ХАРАКТЕРИСТИКА |
| Специфическое обозначение материала и объем |
323 с., [15] л. ил., цв. ил., карт. |
| 320 ## - ПРИМЕЧАНИЯ О НАЛИЧИИ В ДОКУМЕНТЕ БИБЛИОГРАФИИ / УКАЗАТЕЛЯ |
| Текст примечания |
Библиогр. в примеч. в конце ст. |
| 461 #0 - УРОВЕНЬ НАБОРА |
| Встроенное поле |
001RU\NLR\bibl\131704 |
| -- |
2001#$aСтароладожский сборник$f[Редкол.:...к.ист.н. А.А. Селин (отв. ред.)]$vВып. 10 |
| Системный номер (АБИС) связанной записи |
736348 |
| Место публикации |
СПб. |
| Дата публикации |
2000 |
| Первые сведения об ответственности |
[Редкол.:...к.ист.н. А.А. Селин (отв. ред.)] |
| Имя издателя, распространителя и т.д. |
Б.и. |
| Заглавие |
Староладожский сборник |
| Номер тома |
Вып. 10 |
| 702 #1 - ИМЯ ЛИЦА - ВТОРИЧНАЯ ОТВЕТСТВЕННОСТЬ |
| Код отношения |
Составитель |
| Графика поля |
Кириллица |
| Материалы, к которым относится поле |
rus |
| Начальный элемент ввода |
Васильев |
| Часть имени, кроме начального элемента ввода |
Б. Г. |
| Дополнения к именам, кроме дат |
канд. искусствоведения |
| Даты |
1945-2022 |
| Расширение инициалов личного имени |
Борис Григорьевич |
| Системный номер авторитетной/нормативной записи |
37543 |
| Идентификатор авторитетной/нормативной записи |
RU\NLR\AUTH\7754611 |
| 711 12 - НАИМЕНОВАНИЕ ОРГАНИЗАЦИИ - АЛЬТЕРНАТИВНАЯ ОТВЕТСТВЕННОСТЬ |
| Начальный элемент ввода |
"Старая Ладога в истории и культуре Евразийского мира", международная научно-практическая конференция |
| Дата проведения временной организации |
2012 |
| Системный номер авторитетной/нормативной записи |
642348 |
| Идентификатор авторитетной/нормативной записи |
RU\NLR\AUTH\880491021 |
| 852 ## - МЕСТОНАХОЖДЕНИЕ И ШИФР ХРАНЕНИЯ |
| Идентификатор организации |
NLR |
| Шифр хранения (Call Number) |
2001-3/143 |
| 942 ## - ДОПОЛНИТЕЛЬНЫЕ ЭЛЕМЕНТЫ ЗАПИСИ (АБИС) |
| Тип экземпляра АБИС |
Книга |
| 980 ## - КОЛЛЕКЦИЯ |
| Название коллекции |
Национальная библиография |